000 00954pam a2200337 i 4500
999 _c606
_d606
001 018213568
003 Uk
005 20190904101359.0
008 161201r20172004enk |0|0|1|eng d
015 _aGBB716638
_2bnb
016 7 _a018213568
_2Uk
020 _a9780141378657
_qpaperback
040 _aStDuBDS
_beng
_cStDuBDS
_dUk
_erda
042 _aukblsr
082 _aFIC BLA
100 1 _aBlackman, Malorie,
_eauthor.
245 1 0 _aKnife edge /
_cMalorie Blackman.
264 1 _aLondon :
_bPenguin Books,
_c2017.
264 4 _c©2004
300 _a355 pages ;
_c20 cm.
336 _atext
_2rdacontent
337 _aunmediated
_2rdamedia
338 _avolume
_2rdacarrier
490 0 _aThe noughts & crosses series
500 _aOriginally published: London: Doubleday, 2004.
500 _aFormerly CIP.
_5Uk
655 0 _aDystopias.
655 0 _aYoung adult fiction.
942 _2ddc
_cFIC